000 01039nam a22002177a 4500
001 8768
003 FISKH
005 20251020083307.0
008 251020b cb ||||| |||| 00| 0 eng d
020 _a9782070448104
040 _aFISKH
_bfre
_cFISKH
_dFISKH
082 _a363.7
100 _aWelzer, Harald
245 _aLes guerres du climat /
260 _aParis :
_bGallimard,
_c2012.
300 _a443 pages :
_c18 cm
520 _aThe book explores how climate change, depletion of natural resources, and environmental degradation are becoming major drivers of conflicts and violence in the 21st century. Harald Welzer analyzes the dynamics of resource scarcity, mass migrations, struggles over water and land, and how these ecological pressures intertwine with warfare and organized violence. He urges readers to rethink global security, politics, and collective responsibility in the age of the climate crisis.
650 _aClimate Change
_vEnvironmental Crisis
_xResource Scarcity
942 _2ddc
_cBK
_n0
999 _c8768
_d8768